| 000 | 00585nam a22001577a 4500 | ||
|---|---|---|---|
| 008 | 140520b xxu||||| |||| 00| 0 eng d | ||
| 020 | _a9789966088178 | ||
| 050 | _aHN37.C3 C365 2014 | ||
| 100 |
_aOpongo, Elias Omondi and Kaulemu, David _910348 |
||
| 245 |
_aCatholic Church Leadership in Peace building Africa _cElias Omondi Opongo and David Kaulemu |
||
| 260 |
_aNairobi _bPaulines Publications Africa _c2014 |
||
| 300 |
_a240p. ; _c21cm. |
||
| 650 |
_aChurch and Politics _xSociology , Christian-Catholic Church _910349 |
||
| 700 |
_aKaulem, David _919741 |
||
| 942 |
_2lcc _cMONOGRAPH |
||
| 999 |
_c120535 _d120535 |
||